Vstavač vojenský (Orchis militaris L.) ako staronový druh na území Pienin

Bibliographic Details
Main Author: Danková, K. (Author)
Format: Article
Language:Slovak
PhysicalDescription:Fotogr.
ISSN:1335-1737
Subjects:

MARC

LEADER 00000nab a2200000 a 4500
001 vtls000861298
003 SK-MaSNL
005 20260305012638.0
008 140328c2003 xo 0 slo
015 |a SNBRB2004/02-03666 
035 |a CLN000212894 
040 |a SNKBUCL  |b slo  |c SNKBUCL  |e AACR2 
041 0 |a slo 
044 |a xo  |c SK 
080 |a 582.594(438):502.4  |2 1997 
080 |a 502.753(438)  |2 1997 
080 |a 502.4(438)  |2 1997 
100 1 |a Danková, K.  |4 aut  |9 1520443 
245 1 0 |a Vstavač vojenský (Orchis militaris L.) ako staronový druh na území Pienin  |c K. Danková 
300 |b Fotogr. 
650 0 7 |a vstavač vojenský  |2 snkbucl  |9 116596 
650 0 7 |a ochrana rastlín  |2 snkbucl  |9 3636 
651 7 |a Pieniny (Poľsko a Slovensko : pohorie)  |2 snkbucl  |9 17492 
655 7 |a články z novín a časopisov  |2 snkbucl  |9 267496 
773 0 |t Chránené územia Slovenska  |g Č. 57 (2003), s. 18  |x 1335-1737 
850 |a Slovenská národná knižnica v Martine 
852 |a SNK  |b KIS3GCP 
992 |a RBX 
999 |c 3258505  |d 3260435